000 00592nam a2200181Ia 4500
005 20260415160357.0
008 008 250505s9999 xx 000 0 eng d
037 _aTextual
040 _aFEDL
_beng
_cFEDL
041 _aeng
_2eng
084 _a519.54 PAN
_qFEDL
100 _aPandit Ramjee Prasad
_9779188
245 0 _aInferential statistics in research and education: A textbook of statistics for M.Ed., M.A. and 3 year B.Ed.
260 _aKathmandu, Nepal
_bAnanta Prakashan
300 _a296p.
942 _cTEXL
_h519.54 PAN
999 _c1400262
_d1400262